Crafting and Executing Strategy : The Quest for Competitive Advantage Concepts and Cases. (Record no. 2274)

MARC details
005 - DATE AND TIME OF LATEST TRANSACTION
control field 20250612114606.0
020 ## - INTERNATIONAL STANDARD BOOK NUMBER
International Standard Book Number 978-0-07-338124-4
082 ## - DEWEY DECIMAL CLASSIFICATION NUMBER
Classification number 658.401 THO
100 ## - MAIN ENTRY--PERSONAL NAME
Author name THOMPSON, A. A.
245 ## - TITLE STATEMENT
Title Crafting and Executing Strategy : The Quest for Competitive Advantage Concepts and Cases.
250 ## - EDITION STATEMENT
Edition statement 16th Ed.
260 ## - PUBLICATION, DISTRIBUTION, ETC.
Place of publication, distribution, etc. New York,
Name of publisher, distributor, etc. McGraw-Hill-Irwin,
Date of publication, distribution, etc. 2008.
300 ## - PHYSICAL DESCRIPTION
Extent xlvi,494p.: ill.; chart, figure, graph, picture, table.
Other physical details Index,
Dimensions 26cm.
700 ## - ADDED ENTRY--PERSONAL NAME
Other authors/Editors STRICKLAND, A. J. & GAMBLE, J. E
856 ## - ELECTRONIC LOCATION AND ACCESS
Link text Access Online Book
Electronic name Crafting and Executing Strategy : The Quest for Competitive Advantage Concepts and Cases
Path www.mhhe.com
942 ## - ADDED ENTRY ELEMENTS (KOHA)
Source of classification or shelving scheme Dewey Decimal Classification
Koha item type Books
Holdings
Date last seen Total checkouts Full call number Barcode Cost, replacement price Price effective from Koha item type Lost status Source of classification or shelving scheme Damaged status Not for loan Withdrawn status Home library Current library Shelving location Date acquired Cost, normal purchase price
06/28/2025   658.401 THO DOM0001102 180000.00 06/28/2025 Books   Dewey Decimal Classification       CBE Dodoma CBE Dodoma General Collection 05/28/2010 60000.00
05/14/2025   658.401 THO 0000008709 195000.00 05/14/2025 Books   Dewey Decimal Classification       College of Business Education Main Library College of Business Education Main Library General Collection 12/08/2010 65000.00
05/14/2025   658.401 THO 0000008710 195000.00 05/14/2025 Books   Dewey Decimal Classification       College of Business Education Main Library College of Business Education Main Library General Collection 12/08/2010 65000.00
05/14/2025   658.401 THO 0000008711 195000.00 05/14/2025 Books   Dewey Decimal Classification       College of Business Education Main Library College of Business Education Main Library General Collection 12/08/2010 65000.00
06/12/2025   LECT 658.401 THO 00000012726 180000.00 06/12/2025 Books   Dewey Decimal Classification       College of Business Education Main Library College of Business Education Main Library General Collection 05/28/2010 60000.00
06/12/2025   LECT 658.401 THO 00000012727 180000.00 06/12/2025 Books   Dewey Decimal Classification       College of Business Education Main Library College of Business Education Main Library General Collection 05/28/2010 60000.00